000 00596nam a2200241Ia 4500
003 OSt
005 20220924153414.0
006 a|||||r|||| 00| 0
007 ta
008 220923b |||||||| |||| 00| 0 mar d
024 _a349839
037 _cTextual
040 _aARTS
_cARTS
_bmar
041 _2mar
_amar
082 _aY:351.235, 155P2
100 _aMaate Au.
_9228723
245 0 _aMadhyayugine maharastra
260 _c2002
300 _a107p.
_ccm.
650 _aSOCIOLOGY
942 _hY:351.235, 155P2
_cTEXL
_2CC
999 _c473477
_d473477